London Underground Stations: L Quiz Stats

Quiz not verified by Sporcle

Challenge
Share
Tweet
Embed
Score 0/10 Timer 02:00
1 Play Today
Station % Correct
London Bridge
84.1%
Leyton
83.6%
Leytonstone
83%
Ladbroke Grove
79.8%
Liverpool Street
79.8%
Latimer Road
78.3%
Loughton
76.8%
Lancaster Gate
75.8%
Leicester Square
74%
Lambeth North
63.1%

You're not logged in!

Compare scores with friends on all Sporcle quizzes.
Sign Up with Email
OR
Log In

You Might Also Like...

Show Comments

Extras

Top Quizzes Today


Score Distribution

Your Account Isn't Verified!

In order to create a playlist on Sporcle, you need to verify the email address you used during registration. Go to your Sporcle Settings to finish the process.

Report this User

Report this user for behavior that violates our Community Guidelines.

Details: